Les pays qui terminant en NIE - une minute sprint - Statistiques

Statistiques générales
  • Ce quiz a été pris 289 fois
  • Le résultat moyen est 5 sur 11
Statistiques - réponses
pays % Correct
Arménie
66%
Albanie
61%
Lituanie
60%
Lettonie
58%
Estonie
57%
Roumanie
52%
Slovénie
48%
Tanzanie
43%
Birmanie
38%
Mauritanie
29%
Jordanie
21%
Aucun quiz correspondant
Distribution des résultats
% des personnes avec chaque résultat
Percentile par nombre de réponses
Votre historique - résultats
Vous n’avez pas pris ce quiz